Music Quiz

Random Music or Lyrics Quiz

Figure out the Beatles Lyrics Quiz Stats

 Plays Quiz not verified by Sporcle

Score 0/121 Timer 08:00
0 Plays Today
Lyric % Correct
the
98.7%
the
98.7%
a
98.7%
a
98.7%
the
98.7%
the
98.7%
the
98.7%
you
91.7%
you
91.7%
you
91.7%
you
91.7%
you
91.7%
to
79.8%
to
79.8%
to
79.8%
to
79.8%
to
79.8%
in
76.3%
is
73.9%
your
71.1%
your
70.7%
your
70.7%
your
70.7%
your
70.7%
when
69.4%
on
68.2%
how
60.6%
how
60.6%
how
60.6%
how
60.6%
how
60.6%
how
60.6%
they
60.1%
they
60.1%
they
60.1%
that
59.9%
See
59.2%
See
59.2%
See
59.2%
at
58.7%
at
58.7%
Lyric % Correct
at
58.7%
Who
58.7%
was
55.8%
like
51%
make
47.7%
make
47.7%
run
46.3%
run
46.3%
run
46.3%
Did
45.4%
come
45.1%
night
43.5%
night
43.5%
think
43.2%
has
42.8%
feet
42.3%
feet
42.3%
Lady
42.2%
Lady
42.2%
Lady
42.2%
Lady
42.2%
child
42%
his
42%
Madonna
41.9%
Madonna
41.9%
Madonna
41.9%
Madonna
41.9%
meet
41.1%
meet
41.1%
children
40.9%
children
40.9%
manage
40.1%
manage
40.1%
manage
40.1%
ends
40.1%
ends
40.1%
Wonder
39.9%
Wonder
39.9%
baby
38.2%
money
37.2%
money
37.2%
Lyric % Correct
never
36%
pay
35.7%
rent
35.4%
heaven
35.1%
sent
34.9%
morning
34.6%
morning
34.6%
Sunday
34.6%
breast
34.4%
Friday
34.2%
rest
34.2%
Tuesday
33.2%
feed
32.8%
without
32.2%
Wednesday
32.1%
Thursday
31.9%
finds
30.6%
didn't
30.6%
head
29.5%
nun
29.4%
needed
29.3%
suitcase
28.9%
tie
28.9%
Monday's
28.2%
stockings
27.8%
mending
27.8%
bootlace
27.5%
creeping
27.2%
learned
26.9%
arrives
26.8%
papers
25.9%
listen
25.5%
music
25.5%
Wonders
25.4%
bed
25.1%
ending
25%
playing
24.4%
lying
23.4%
afternoon
23.2%

You're not logged in!

Compare scores with friends on all Sporcle quizzes.
OR
Log In

Show Comments

Extras

Top Quizzes Today


Score Distribution

Your Account Isn't Verified!

In order to create a playlist on Sporcle, you need to verify the email address you used during registration. Go to your Sporcle Settings to finish the process.

Report this User

Report this user for behavior that violates our Community Guidelines.

Details: